000 00506nam a2200181Ia 4500
001 17648
005 20260306171532.0
008 260306s9999||||xx |||||||||||||| ||und||
041 _aESP
082 _a658.11
_bR56A
100 _aRies, Eric
_eAUT
245 4 _aThe Lean Startup:
_bhow taday´s entrepreneurs use continuous innovation to create radically successful businesses
260 _c2014
300 _ax, 320 páginas :
_c22 cm.
650 _aGEN
654 _aCAN
942 _cLIB
_dJUS
_fJUS
_2ddc
_n
999 _c17648
_d17648